Rừng ngập mặn khu vực Vịnh Hạ Long và phụ cận = The mangroves of Ha Long bay and nearby areas: Bảo tồn và phát triển hệ sinh thái rừng ngập mận
Nội dung sách giới thiệu về vai trò, ý nghĩa của các loài cây ngập mặn đối với môi trường sinh thái và đời sống con người nói chung và Vịnh Hạ Long nói riêng.
Đã lưu trong:
| Định dạng: | Sách |
|---|---|
| Ngôn ngữ: | Undetermined |
| Được phát hành: |
Hà Nội
Giáo Dục
2008
|
| Những chủ đề: | |
| Các nhãn: |
Thêm thẻ
Không có thẻ, Là người đầu tiên thẻ bản ghi này!
|
| Thư viện lưu trữ: | Trung tâm Học liệu Trường Đại học Cần Thơ |
|---|
| LEADER | 01087nam a2200217Ia 4500 | ||
|---|---|---|---|
| 001 | CTU_211054 | ||
| 008 | 210402s9999 xx 000 0 und d | ||
| 082 | |a 577.3 | ||
| 082 | |b R556 | ||
| 245 | 0 | |a Rừng ngập mặn khu vực Vịnh Hạ Long và phụ cận = | |
| 245 | 4 | |b The mangroves of Ha Long bay and nearby areas: Bảo tồn và phát triển hệ sinh thái rừng ngập mận | |
| 245 | 0 | |c Phan Hồng Dũng,... [et al.] | |
| 260 | |a Hà Nội | ||
| 260 | |b Giáo Dục | ||
| 260 | |c 2008 | ||
| 520 | |a Nội dung sách giới thiệu về vai trò, ý nghĩa của các loài cây ngập mặn đối với môi trường sinh thái và đời sống con người nói chung và Vịnh Hạ Long nói riêng. | ||
| 650 | |a Forest ecology,Forest plants,Mangrove forests | ||
| 650 | |x Hệ sinh thái rừng,Rừng ngập mặn,Trồng rừng | ||
| 650 | |y Vietnam,Vietnam,Việt Nam,Việt Nam | ||
| 904 | |i Qhieu | ||
| 980 | |a Trung tâm Học liệu Trường Đại học Cần Thơ | ||